[Event "Warsaw YMCA Autumn-C 222nd"]
[Site "Warsaw"]
[Date "2019.12.11"]
[Round "13"]
[White "Szumigaj, Marcin"]
[Black "Borowski, Marek"]
[Result "1-0"]
[WhiteElo "1433"]
[BlackElo "1509"]
[PlyCount "61"]
[EventDate "2019.09.19"]
[EventType "tourn"]
[EventRounds "13"]
[EventCountry "POL"]
[SourceTitle "CBM 195 Extra"]
[Source "ChessBase"]
[SourceDate "2020.05.31"]
[SourceVersion "1"]
[SourceVersionDate "2020.05.31"]
[SourceQuality "1"]

1. c4 e5 2. Nc3 Nf6 3. e4 Bc5 4. Be2 d6 5. Nf3 Nc6 6. 0-0 0-0 7. d3 a6 8. Bg5 Be6 9. a3 Rb8 10. b4 Ba7 11. Nd5 Bxd5 12. cxd5 Nd4 13. Rc1 Nxe2+ 14. Qxe2 h6 15. Be3 Bxe3 16. Qxe3 Qe7 17. Rc2 Rfc8 18. Rfc1 Ng4 19. Qd2 Nf6 20. Rc3 Ne8 21. Qc2 Qd7 22. d4 f6 23. Nh4 exd4 24. Rg3 c5 25. Nf5 Kh8 26. Nh4 Qf7 27. Qd2 b6 28. Nf5 a5 29. Nxh6 gxh6 30. Qxh6+ Qh7 31. Qf8+ 1-0

[Event "Warsaw YMCA Autumn-D 158th"]
[Site "Warsaw"]
[Date "2015.10.27"]
[Round "6"]
[White "Staszewski, Krzysztof"]
[Black "Borowski, Marek"]
[Result "0-1"]
[WhiteElo "1416"]
[BlackElo "1567"]
[PlyCount "128"]
[EventDate "2015.09.22"]
[EventType "tourn"]
[EventRounds "13"]
[EventCountry "POL"]
[SourceTitle "EXT 2019"]
[Source "ChessBase"]
[SourceDate "2018.10.10"]
[SourceVersion "1"]
[SourceVersionDate "2018.10.10"]
[SourceQuality "1"]

1. c4 e6 2. Nc3 Nf6 3. e4 Bb4 4. Qc2 Nc6 5. Nge2 d5 6. cxd5 exd5 7. exd5 Nxd5 8. a3 Ba5 9. Qe4+ Be6 10. Nf4 Nxf4 11. Qxf4 Qe7 12. Bb5 Bc4+ 13. Qe3 Bxb5 14. Nxb5 Qxe3+ 15. fxe3 0-0-0 16. b4 Bb6 17. d4 a6 18. Nc3 Rhe8 19. 0-0 f6 20. Na4 Ba7 21. Nc5 Bxc5 22. bxc5 Na5 23. Ra2 Re4 24. Rc2 Rd5 25. Rf3 Nc6 26. h3 Ne7 27. a4 c6 28. Bd2 Rd7 29. Be1 Nd5 30. Kf2 Rde7 31. Bd2 h5 32. Rb2 g5 33. Rb3 Kd8 34. Ba5+ Ke8 35. Bb6 Kf7 36. Ba7 g4 37. hxg4 hxg4 38. Rg3 f5 39. Bb8 Nf6 40. Bd6 Rd7 41. Rb1 Nh5 42. Rh1 Kg6 43. Be5 Rh7 44. Re1 Nxg3 45. Kxg3 Kf7 46. Kf2 Ke6 47. a5 Kd5 48. Rc1 g3+ 49. Kf3 Reh4 50. Bxg3 Rh1 51. Rc2 Rf1+ 52. Ke2 Ra1 53. Be1 Ke4 54. Rb2 Kd5 55. Kf2 Re7 56. Bd2 Ke4 57. Be1 Ra3 58. Re2 Rh7 59. Bb4 Rb3 60. Be1 Rh1 61. Bd2 Rb2 62. Be1 Rxe2+ 63. Kxe2 Rxe1+ 64. Kxe1 Kxe3 0-1

[Event "Warsaw YMCA Winter 149th"]
[Site "Warsaw"]
[Date "2015.02.11"]
[Round "6"]
[White "Borowski, Marek"]
[Black "Zbrzeski, Piotr"]
[Result "0-1"]
[WhiteElo "1635"]
[BlackElo "1747"]
[PlyCount "42"]
[EventDate "2015.01.07"]
[EventType "tourn"]
[EventRounds "13"]
[EventCountry "POL"]
[SourceTitle "EXT 2019"]
[Source "ChessBase"]
[SourceDate "2018.10.10"]
[SourceVersion "1"]
[SourceVersionDate "2018.10.10"]
[SourceQuality "1"]

1. d4 d5 2. c4 c6 3. Nc3 e5 4. cxd5 cxd5 5. dxe5 d4 6. Ne4 Qa5+ 7. Bd2 Qxe5 8. Ng3 Bc5 9. Nf3 Qd5 10. Qc2 Nc6 11. 0-0-0 Bg4 12. e4 dxe3 13. Bxe3 Bxe3+ 14. fxe3 Qxa2 15. Bc4 Qa1+ 16. Kd2 0-0-0+ 17. Ke2 Rxd1 18. Rxd1 Qa5 19. Bxf7 Nf6 20. h3 Qc7 21. Kf2 Qxf7 0-1

[Event "Warsaw YMCA Winter 149th"]
[Site "Warsaw"]
[Date "2015.01.28"]
[Round "4"]
[White "Borowski, Marek"]
[Black "Duda, Ryszard"]
[Result "1/2-1/2"]
[WhiteElo "1635"]
[BlackElo "1617"]
[PlyCount "105"]
[EventDate "2015.01.07"]
[EventType "tourn"]
[EventRounds "13"]
[EventCountry "POL"]
[SourceTitle "EXT 2019"]
[Source "ChessBase"]
[SourceDate "2018.10.10"]
[SourceVersion "1"]
[SourceVersionDate "2018.10.10"]
[SourceQuality "1"]

1. d4 Nf6 2. c4 g6 3. Nc3 d5 4. cxd5 Nxd5 5. e4 Nxc3 6. bxc3 Bg7 7. Bc4 0-0 8. Nf3 c5 9. 0-0 Qc7 10. Be3 cxd4 11. Bxf7+ Rxf7 12. cxd4 Bg4 13. Qb3 Bxf3 14. gxf3 Qd7 15. Rac1 Nc6 16. Rfd1 Raf8 17. e5 e6 18. d5 exd5 19. Rxd5 Qe6 20. f4 Kh8 21. Bc5 Na5 22. Qd3 Rc8 23. Be3 Rxc1+ 24. Bxc1 Nc6 25. Qb3 Re7 26. Qd1 Qc8 27. Ba3 Re8 28. Rd7 Rd8 29. e6 Rxd7 30. exd7 Qd8 31. Qd5 Nb8 32. Qxb7 Nxd7 33. Qxa7 Nf6 34. Bb2 Qd1+ 35. Kg2 Qg4+ 36. Kf1 Qxf4 37. Qf7 Qf5 38. Qb3 h6 39. a4 Kh7 40. Qb7 Qd3+ 41. Ke1 Qe4+ 42. Qxe4 Nxe4 43. Bxg7 Kxg7 44. a5 Nc5 45. Ke2 Kf6 46. Ke3 g5 47. h4 gxh4 48. Kf4 h5 49. Kf3 Kf5 50. Kg2 Kg5 51. Kh3 Na6 52. f4+ Kxf4 53. Kxh4 1/2-1/2

[Event "Warsaw YMCA Winter 149th"]
[Site "Warsaw"]
[Date "2015.01.14"]
[Round "2"]
[White "Borowski, Marek"]
[Black "Chomiuk, Lukasz"]
[Result "1/2-1/2"]
[WhiteElo "1635"]
[BlackElo "1668"]
[PlyCount "116"]
[EventDate "2015.01.07"]
[EventType "tourn"]
[EventRounds "13"]
[EventCountry "POL"]
[SourceTitle "EXT 2019"]
[Source "ChessBase"]
[SourceDate "2018.10.10"]
[SourceVersion "1"]
[SourceVersionDate "2018.10.10"]
[SourceQuality "1"]

1. d4 g6 2. e4 Bg7 3. Nf3 d6 4. Bc4 Nf6 5. Nc3 0-0 6. 0-0 Bg4 7. h3 Bxf3 8. Qxf3 Nbd7 9. Re1 e5 10. Be3 a6 11. Bb3 exd4 12. Bxd4 Ne5 13. Qe2 Nc6 14. Be3 Nd7 15. Rad1 Na5 16. f4 Nxb3 17. axb3 Qe7 18. Qf3 Bxc3 19. bxc3 Nc5 20. Bc1 Qf6 21. e5 dxe5 22. Rxe5 b6 23. Be3 Ne6 24. g4 Rad8 25. Rxd8 Nxd8 26. g5 Qc6 27. Qxc6 Nxc6 28. Re4 Rd8 29. Rc4 Rd6 30. Kf2 Kf8 31. Kf3 Ke8 32. Re4+ Kd7 33. Bd4 Ne7 34. Be5 Rd2 35. Rd4+ Rxd4 36. Bxd4 Ke6 37. Ke4 Nf5 38. Be5 c6 39. Bc7 b5 40. b4 f6 41. gxf6 Kxf6 42. Bd8+ Ke6 43. Bc7 h5 44. Bd8 Kd6 45. Bb6 Ng3+ 46. Kf3 Nf5 47. Ke4 Ke6 48. Bd8 Nd6+ 49. Kd4 Kf5 50. Bc7 Ne4 51. Be5 g5 52. fxg5 Nxg5 53. Bg3 Ne6+ 54. Ke3 c5 55. Bd6 c4 56. Be7 Ng5 57. Bxg5 Kxg5 58. Kf3 Kf5 1/2-1/2

[Event "Warsaw YMCA Autumn-D 144th"]
[Site "Warsaw"]
[Date "2014.10.28"]
[Round "7"]
[White "Borowski, Marek"]
[Black "Markiewicz, Janusz"]
[Result "1-0"]
[WhiteElo "1596"]
[BlackElo "1337"]
[PlyCount "127"]
[EventDate "2014.09.16"]
[EventType "tourn"]
[EventRounds "13"]
[EventCountry "POL"]
[SourceTitle "EXT 2019"]
[Source "ChessBase"]
[SourceDate "2018.10.10"]
[SourceVersion "1"]
[SourceVersionDate "2018.10.10"]
[SourceQuality "1"]

1. d4 e5 2. dxe5 Qe7 3. Nf3 Nc6 4. Qd5 Nb4 5. Qb3 f6 6. a3 Na6 7. exf6 Nxf6 8. Bg5 Nc5 9. Bxf6 Nxb3 10. Bxe7 Nxa1 11. Bxf8 Rxf8 12. Kd2 d6 13. e4 g5 14. h3 h5 15. Nc3 g4 16. hxg4 hxg4 17. Nd4 Rxf2+ 18. Ke3 g3 19. Bd3 Nxc2+ 20. Nxc2 Be6 21. Rh8+ Rf8 22. Rxf8+ Kxf8 23. Kf4 Ke7 24. Kxg3 Rg8+ 25. Kf2 c6 26. Nd4 Bg4 27. Nf5+ Kd7 28. Be2 Bxe2 29. Nxe2 Ke6 30. Neg3 Ke5 31. Ke3 d5 32. exd5 cxd5 33. Kf3 Rc8 34. Ne3 d4 35. Nd1 Rc1 36. Nf2 Rc2 37. Ne2 Rc8 38. Nd3+ Kd5 39. g4 Re8 40. Nef4+ Kd6 41. g5 Re3+ 42. Kg4 Kd7 43. Kf5 Ke8 44. g6 Kf8 45. Ne5 Rb3 46. Nfd3 Kg7 47. Ke4 Rb6 48. Kxd4 Rd6+ 49. Ke4 b6 50. Kf5 Rf6+ 51. Kg5 Rf1 52. Nf4 Rg1+ 53. Kf5 Rf1 54. Ned3 a6 55. Ke6 Rf3 56. Kd6 Re3 57. Kc6 b5 58. Kb6 Re4 59. Kxa6 b4 60. axb4 Re8 61. b5 Ra8+ 62. Kb7 Ra4 63. b6 Rc4 64. Kb8 1-0

[Event "Warsaw YMCA Autumn-D 144th"]
[Site "Warsaw"]
[Date "2014.09.30"]
[Round "3"]
[White "Borowski, Marek"]
[Black "Olsztynski, Andrzej"]
[Result "1/2-1/2"]
[WhiteElo "1596"]
[BlackElo "1484"]
[PlyCount "146"]
[EventDate "2014.09.16"]
[EventType "tourn"]
[EventRounds "13"]
[EventCountry "POL"]
[SourceTitle "EXT 2019"]
[Source "ChessBase"]
[SourceDate "2018.10.10"]
[SourceVersion "1"]
[SourceVersionDate "2018.10.10"]
[SourceQuality "1"]

1. d4 d5 2. Nf3 Nf6 3. c4 Bf5 4. Nc3 c6 5. Qb3 b6 6. Bf4 e6 7. e3 Bd6 8. Bg5 Nbd7 9. Rc1 0-0 10. Nh4 Bg4 11. f3 Bh5 12. g4 Bg6 13. Nxg6 fxg6 14. cxd5 exd5 15. e4 Be7 16. Bg2 Kh8 17. 0-0 dxe4 18. Nxe4 Nxe4 19. Bxe7 Qxe7 20. fxe4 Rxf1+ 21. Rxf1 Rf8 22. Rxf8+ Nxf8 23. Qc4 Qe6 24. Qxe6 Nxe6 25. d5 cxd5 26. exd5 Nd8 27. Kf2 Kg8 28. Ke3 Kf7 29. Kf4 Ke7 30. Ke5 Nf7+ 31. Kd4 Nd6 32. a4 a5 33. Bf1 Kf6 34. Be2 g5 35. Bd3 g6 36. Bb5 Ke7 37. b3 Kf6 38. Bd7 Ke7 39. Be6 Kf6 40. Bg8 Nb7 41. h3 Kg7 42. Be6 Kf6 43. Bd7 Nd6 44. Bb5 Ke7 45. Bc6 Kf6 46. Bd7 Ke7 47. Be6 Kf6 48. Bg8 Nb7 49. Bxh7 Kg7 50. Ke5 Kxh7 51. Ke6 Nc5+ 52. Ke7 Nxb3 53. d6 Nc5 54. d7 Nxd7 55. Kxd7 b5 56. axb5 a4 57. b6 a3 58. b7 a2 59. b8Q a1Q 60. Qd6 Qa4+ 61. Ke7 Qe4+ 62. Qe6 Qb4+ 63. Kf6 Qf4+ 64. Ke7 Qb4+ 65. Kf7 Qf4+ 66. Qf6 Qc4+ 67. Ke7 Qa4 68. Kf7 Qf4 69. Ke7 Qe4+ 70. Qe6 Qb4+ 71. Qd6 Qe4+ 72. Kf8 Qf4+ 73. Ke7 Qe4+ 1/2-1/2

[Event "Warsaw YMCA Autumn-D 144th"]
[Site "Warsaw"]
[Date "2014.09.16"]
[Round "1"]
[White "Borowski, Marek"]
[Black "Kwiek, Janusz"]
[Result "1-0"]
[WhiteElo "1596"]
[BlackElo "1617"]
[PlyCount "115"]
[EventDate "2014.09.16"]
[EventType "tourn"]
[EventRounds "13"]
[EventCountry "POL"]
[SourceTitle "EXT 2019"]
[Source "ChessBase"]
[SourceDate "2018.10.10"]
[SourceVersion "1"]
[SourceVersionDate "2018.10.10"]
[SourceQuality "1"]

1. d4 e6 2. e4 d5 3. Nc3 Nf6 4. e5 Nfd7 5. Nf3 c5 6. Be2 Nc6 7. Be3 cxd4 8. Bxd4 Nxd4 9. Qxd4 Bc5 10. Qg4 0-0 11. 0-0 a6 12. Rfe1 b5 13. Bd3 f5 14. exf6 Nxf6 15. Qh4 Be7 16. Ng5 h6 17. Nxe6 Bxe6 18. Rxe6 b4 19. Ne2 Ra7 20. Qd4 Qd7 21. Qb6 Ne4 22. Bxe4 dxe4 23. Rxe4 Rf6 24. Qe3 Rc7 25. Qb3+ Kh8 26. Nf4 Qf5 27. Rae1 Bd6 28. Re8+ Bf8 29. Nd3 Kh7 30. R8e5 Qc8 31. R1e2 Qb7 32. g3 Bd6 33. Re6 Rcf7 34. Rxf6 Rxf6 35. Qc4 Qb8 36. b3 a5 37. Re6 Rxe6 38. Qxe6 Qc7 39. Qe4+ Kg8 40. Qc4+ Qf7 41. Kg2 Qxc4 42. bxc4 Kf7 43. Kf3 Ke6 44. Ke4 g5 45. h3 h5 46. f4 gxf4 47. Nxf4+ Kf6 48. Nxh5+ Kg5 49. Nf4 Be7 50. Kd5 Kf5 51. c5 Bf6 52. c6 Be5 53. Kc5 Bb8 54. Kb6 Ke4 55. c7 Bxc7+ 56. Kxc7 Kd4 57. Kb6 a4 58. Kb5 1-0

[Event "Milanowek-ch"]
[Site "Milanowek"]
[Date "2014.06.22"]
[Round "3"]
[White "Szopa, Andrzej"]
[Black "Borowski, Marek"]
[Result "0-1"]
[WhiteElo "1039"]
[BlackElo "1565"]
[PlyCount "42"]
[EventDate "2014.06.21"]
[EventType "swiss"]
[EventRounds "9"]
[EventCountry "POL"]
[SourceTitle "CBM 161 Extra"]
[Source "ChessBase"]
[SourceDate "2014.08.29"]
[SourceVersion "1"]
[SourceVersionDate "2014.08.29"]
[SourceQuality "1"]

1. d4 d5 2. c4 c6 3. Nc3 Nf6 4. h3 dxc4 5. e3 b5 6. a4 b4 7. Nb1 Qd5 8. Ne2 g5 9. Ng3 a5 10. Nd2 Ba6 11. f3 Nbd7 12. Ne2 e5 13. e4 Qd6 14. dxe5 Nxe5 15. Qc2 Nd3+ 16. Kd1 Nf2+ 17. Ke1 Nxh1 18. Nxc4 Qc5 19. b3 Qf2+ 20. Kd1 Rd8+ 21. Nd2 Qxf1# 0-1

[Event "Warsaw YMCA Spring-D 141st"]
[Site "Warsaw"]
[Date "2014.05.23"]
[Round "6"]
[White "Kwiek, Janusz"]
[Black "Borowski, Marek"]
[Result "0-1"]
[WhiteElo "1559"]
[BlackElo "1565"]
[PlyCount "120"]
[EventDate "2014.04.08"]
[EventType "tourn"]
[EventRounds "11"]
[EventCountry "POL"]
[SourceTitle "EXT 2015"]
[Source "ChessBase"]
[SourceDate "2014.11.20"]
[SourceVersion "1"]
[SourceVersionDate "2014.11.20"]
[SourceQuality "1"]

1. Nf3 f5 2. d4 Nf6 3. c4 e6 4. Nc3 Bb4 5. Bd2 0-0 6. e3 d5 7. Be2 c6 8. 0-0 Nbd7 9. Rc1 Bd6 10. Qc2 Qe8 11. cxd5 exd5 12. g3 Ne4 13. Ne1 Ndf6 14. Ng2 Kh8 15. f3 Nxd2 16. Qxd2 g5 17. Bd3 Qh5 18. Qf2 Bd7 19. Rce1 Rg8 20. e4 fxe4 21. fxe4 Ng4 22. Nf4 gxf4 23. Be2 fxg3 24. hxg3 Nxf2 25. Bxh5 Nh3+ 26. Kh1 Bxg3 27. Re2 Nf4 28. Bf7 Nxe2 29. Bxg8 Nxc3 30. Bxh7 Kxh7 31. Rf7+ Kg6 32. Rxd7 Nxe4 33. Rxb7 Rh8+ 34. Kg1 Bf2+ 35. Kg2 Bxd4 36. b3 Rc8 37. Kf3 Bb6 38. b4 Nd2+ 39. Ke2 Nc4 40. Kd3 Re8 41. Kc2 Re2+ 42. Kc3 Rxa2 43. Rd7 Ra3+ 44. Kc2 Kf6 45. b5 c5 46. Rh7 d4 47. Rh8 Rc3+ 48. Kd1 Ne3+ 49. Ke1 Rb3 50. Ke2 Rxb5 51. Rf8+ Ke7 52. Rh8 a5 53. Ra8 Ke6 54. Kd2 Kd5 55. Rh8 a4 56. Kc1 a3 57. Rh2 Ba5 58. Re2 Nc4 59. Rh2 Bd2+ 60. Kc2 Rb2+ 0-1

[Event "Warsaw YMCA Winter-D 137th"]
[Site "Warsaw"]
[Date "2014.01.06"]
[Round "1"]
[White "Borowski, Marek"]
[Black "Wilczynski, Adam"]
[Result "1-0"]
[WhiteElo "1530"]
[BlackElo "1664"]
[PlyCount "35"]
[EventDate "2014.01.06"]
[EventType "tourn"]
[EventRounds "13"]
[EventCountry "POL"]
[SourceTitle "EXT 2015"]
[Source "ChessBase"]
[SourceDate "2014.11.20"]
[SourceVersion "1"]
[SourceVersionDate "2014.11.20"]
[SourceQuality "1"]

1. d4 Nf6 2. Bf4 e6 3. e3 c5 4. c3 Nc6 5. Nd2 d5 6. Ngf3 cxd4 7. exd4 Be7 8. Bd3 0-0 9. 0-0 b6 10. Ne5 Bb7 11. Ndf3 h6 12. Nxc6 Bxc6 13. Ne5 Bb7 14. Re1 Re8 15. Qe2 a6 16. Nxf7 Kxf7 17. Qxe6+ Kf8 18. Bg6 1-0

[Event "Warsaw Najdorf Memorial op-B 11th"]
[Site "Warsaw"]
[Date "2013.08.12"]
[Round "8"]
[White "Borowski, Marek"]
[Black "Golebiewski, Marek"]
[Result "0-1"]
[WhiteElo "1527"]
[BlackElo "1726"]
[PlyCount "110"]
[EventDate "2013.08.05"]
[EventType "swiss"]
[EventRounds "9"]
[EventCountry "POL"]
[SourceTitle "CBM 155 Extra"]
[Source "ChessBase"]
[SourceDate "2013.08.26"]
[SourceVersion "1"]
[SourceVersionDate "2013.08.26"]
[SourceQuality "1"]

1. d4 d5 2. Nf3 e6 3. c4 Nf6 4. Nc3 Bd6 5. Bg5 c6 6. e3 Nbd7 7. Bd3 h6 8. Bh4 0-0 9. Rc1 Re8 10. 0-0 Nf8 11. Ne5 Bd7 12. f4 Be7 13. g4 dxc4 14. Bxc4 Nd5 15. Bxe7 Qxe7 16. Nxd5 exd5 17. Bd3 f6 18. Nxd7 Qxe3+ 19. Rf2 Nxd7 20. Rcc2 Qe7 21. Qf3 Qe3 22. Kg2 Qxd4 23. Rfe2 Nf8 24. Rcd2 Qc5 25. h4 Qd6 26. g5 fxg5 27. hxg5 hxg5 28. fxg5 Ng6 29. Kh1 Qf4 30. Qh5 Qh4+ 31. Qxh4 Nxh4 32. g6 Nf3 33. Rd1 Rxe2 34. Bxe2 Ne5 35. Rg1 Re8 36. Rg2 Re6 37. Bh5 Kf8 38. Kh2 Ke7 39. Kh3 Kd6 40. Kh4 c5 41. Kg5 Nd7 42. Bg4 Re5+ 43. Bf5 c4 44. Kf4 Nc5 45. Rh2 Ne6+ 46. Kg4 Nd4 47. Bc8 Re7 48. Rf2 Nc6 49. Bf5 d4 50. Kf4 d3 51. Be4 Nd4 52. Ke3 Nc2+ 53. Kf4 Kc5 54. Bxb7 Rxb7 55. Kg5 Rd7 0-1